| 000 | 004610000a22001810004500 | ||
|---|---|---|---|
| 003 | MACL | ||
| 005 | 20150916130509.0 | ||
| 008 | 150916b xxu||||| |||| 00| 0 eng d | ||
| 040 |
_aMACL _cMACL |
||
| 041 | _aEnglish | ||
| 082 | _a823/SAI | ||
| 100 |
_aSaigal, Yogesh _911576 |
||
| 245 | _aMy First Conversation With God & Other Short Stories | ||
| 260 |
_bYash Publications _c2008 _aDelhi |
||
| 350 | _a275 | ||
| 650 |
_aFiction _911577 |
||
| 942 |
_cBK _k823 _2ddc |
||
| 999 |
_c8187 _d8187 |
||